Statistics for Animal Close-Ups #3

Click here to take the quiz!

General Stats

  • This quiz has been taken 35 times
  • The average score is 10 of 12

Answer Stats

Answer% Correct
Wolf
100%
Brown Bear
97%
Elephant
97%
Honeybee
97%
Polar Bear
97%
Tiger
97%
Leopard
93%
Cheetah
87%
Mountain Lion
80%
Ostrich
73%
Wolverine
53%
Blue Footed Booby
43%

Score Distribution

Percentile by Number Answered

Percent of People with Each Score

Your Score History

You have not taken this quiz